| 000 | 00322nam a2200109Ia 4500 | ||
|---|---|---|---|
| 008 | 230907s9999||||xx |||||||||||||| ||und|| | ||
| 082 |
_a658.473 _bREI |
||
| 100 |
_aReid, Robert _9118025 |
||
| 245 |
_aFacility manager's guide to security : protecting your assets / _cRobert Reid. |
||
| 260 | _c2019-09-27 | ||
| 942 |
_2ddc _cEB |
||
| 999 |
_c599629 _d599629 |
||